Projekt SEPA a jeho vplyv na činnosť slovenských podnikateľských subjektov bakalárska práca

Na minha lista:
Detalhes bibliográficos
Autor principal: Ožvaldová, Zuzana
Autor Corporativo: Fakulta podnikového manažmentu EU. Katedra podnikovohospodárska
Outros Autores: Jakubec, Miroslav
Formato: Livro
Idioma:eslovaco
Publicado em: Bratislava 2017
Tags: Adicionar Tag
Sem tags, seja o primeiro a adicionar uma tag!

MARC

LEADER 00000nbm a2200000 4500
001 0232573
005 20171024102726.4
041 0 |a slo 
044 |a SK 
245 1 0 |a Projekt SEPA a jeho vplyv na činnosť slovenských podnikateľských subjektov  |b bakalárska práca  |c Zuzana Ožvaldová ; školiteľ: Miroslav Jakubec 
264 1 |a Bratislava  |c 2017 
300 |a 46 s. 
100 1 |a Ožvaldová, Zuzana 
700 1 |a Jakubec, Miroslav 
710 2 |a Fakulta podnikového manažmentu EU. Katedra podnikovohospodárska